[Event "Recife PE23 Gr B"]
[Site "Recife"]
[Date "2023.04.08"]
[Round "5"]
[White "Marques, Eudes Pinto"]
[Black "De Santana, Jose Ricardo Gonca"]
[Result "1/2-1/2"]
[WhiteElo "1871"]
[BlackElo "2042"]
[PlyCount "155"]
[EventDate "2023.04.06"]
[EventType "tourn"]
[EventRounds "7"]
[EventCountry "BRA"]
[SourceTitle "EXT 2024"]
[Source "ChessBase"]
[SourceDate "2023.10.10"]
[SourceVersion "1"]
[SourceVersionDate "2023.10.10"]
[SourceQuality "1"]

1. c4 c5 2. Nf3 Nc6 3. Nc3 e5 4. g3 g6 5. Bg2 Bg7 6. d3 Nge7 7. Bg5 f6 8. Bd2 d6 9. e4 0-0 10. 0-0 Be6 11. a3 Qd7 12. Nd5 Bg4 13. Nxe7+ Nxe7 14. b4 b6 15. b5 a5 16. Qc1 g5 17. Re1 Ng6 18. Be3 Kf7 19. Nd2 h5 20. f3 Bh3 21. Re2 Rh8 22. Qf1 Be6 23. Nb1 Rag8 24. Nc3 Ke8 25. Nd5 Bxd5 26. exd5 Kd8 27. Raa2 Kc7 28. Bh3 g4 29. Bg2 h4 30. fxg4 hxg3 31. Be4 Qxg4 32. Rg2 Rxh2 33. Rxh2 gxh2+ 34. Kh1 Nh4 35. Rxh2 f5 36. Bg2 f4 37. Bf2 Bf6 38. Bxh4 Bxh4 39. Qf3 Qg5 40. Rh3 Rg7 41. Qf1 Rg6 42. Be4 Rh6 43. Qg2 Bg3 44. Rxh6 Qxh6+ 45. Kg1 Qh5 46. Bf3 Qh4 47. Kf1 e4 48. Bxe4 Qf6 49. Qh1 Qa1+ 50. Kg2 Qxh1+ 51. Kxh1 Kd7 52. Kg2 Ke7 53. Kf3 Kf6 54. d4 cxd4 55. Ke2 Ke5 56. Bf3 Bh4 57. Bg2 Bf6 58. Kd3 Kf5 59. Bf3 Bg7 60. Be2 Ke5 61. Bg4 Bf6 62. Ke2 Bh4 63. Kd3 Be1 64. Ke2 Bc3 65. Kd3 a4 66. Bd1 Bb2 67. Bxa4 Bxa3 68. Bd1 Bc5 69. Bg4 Bb4 70. Bf3 Ba3 71. Bg4 Bc5 72. Be2 Kf5 73. Bf3 Ke5 74. Bg4 Bb4 75. Bf3 Ba5 76. Bg4 Bc3 77. Ke2 Bb2 78. Kd3 1/2-1/2

[Event "Joao Pessoa op"]
[Site "Joao Pessoa"]
[Date "2023.03.19"]
[Round "5"]
[White "Vieira, Alexandre Letizio"]
[Black "Marques, Eudes Pinto"]
[Result "0-1"]
[WhiteElo "1681"]
[BlackElo "1876"]
[PlyCount "58"]
[EventDate "2023.03.17"]
[EventType "swiss"]
[EventRounds "6"]
[EventCountry "BRA"]
[SourceTitle "EXT 2024"]
[Source "ChessBase"]
[SourceDate "2023.10.10"]
[SourceVersion "1"]
[SourceVersionDate "2023.10.10"]
[SourceQuality "1"]

1. d4 d5 2. Bf4 e6 3. Nf3 Bd6 4. Bg3 Nc6 5. c3 Nge7 6. e3 Ng6 7. Nbd2 Bxg3 8. hxg3 Qe7 9. Bd3 Bd7 10. Qc2 f5 11. a4 a5 12. g4 Qf6 13. gxf5 exf5 14. Qb3 Qd6 15. g3 b6 16. 0-0-0 h6 17. Rh5 Rf8 18. Qc2 Nge7 19. Rdh1 Rf6 20. Nh4 g5 21. Ng2 0-0-0 22. Bb5 Kb7 23. b3 Be8 24. R5h2 Bf7 25. Kb2 Rg8 26. Nb1 Nd8 27. Na3 c6 28. Bd3 Ne6 29. c4 Nc7 0-1

[Event "Florianopolis op 9th"]
[Site "Florianopolis"]
[Date "2023.01.28"]
[Round "9"]
[White "Gomes, Maria Eduarda Papin"]
[Black "Marques, Eudes Pinto"]
[Result "1/2-1/2"]
[WhiteElo "1664"]
[BlackElo "1882"]
[PlyCount "55"]
[EventDate "2023.01.23"]
[EventType "swiss"]
[EventRounds "10"]
[EventCountry "BRA"]
[SourceTitle "CBM 212 Extra"]
[Source "ChessBase"]
[SourceDate "2023.03.31"]
[SourceVersion "1"]
[SourceVersionDate "2023.03.31"]
[SourceQuality "1"]

1. d4 Nf6 2. c4 e6 3. Nc3 d5 4. cxd5 exd5 5. Bg5 Be7 6. e3 c6 7. Bd3 Nbd7 8. Qc2 Nf8 9. Nge2 Ng6 10. Rb1 Nd7 11. Bxe7 Qxe7 12. b4 0-0 13. 0-0 Nf6 14. Na4 Ne4 15. Nc5 Nd6 16. a4 b5 17. axb5 Nxb5 18. Bxb5 Bf5 19. Bd3 Bxd3 20. Qxd3 Rfb8 21. Nc3 Qg5 22. Nd7 Nh4 23. g3 Nf3+ 24. Kg2 Nh4+ 25. Kg1 Nf3+ 26. Kg2 Nh4+ 27. Kg1 Nf3+ 28. Kg2 1/2-1/2

[Event "BRA-ch 88th"]
[Site "Recife"]
[Date "2022.12.23"]
[Round "11"]
[White "Araujo, Jose Roberto"]
[Black "Marques, Eudes Pinto"]
[Result "1-0"]
[WhiteElo "2037"]
[BlackElo "1846"]
[PlyCount "120"]
[EventDate "2022.12.15"]
[EventType "swiss"]
[EventRounds "11"]
[EventCountry "BRA"]
[SourceTitle "CBM 212 Extra"]
[Source "ChessBase"]
[SourceDate "2023.03.31"]
[SourceVersion "1"]
[SourceVersionDate "2023.03.31"]
[SourceQuality "1"]

1. d4 Nf6 2. c4 e6 3. Nc3 d5 4. cxd5 exd5 5. Bg5 Be7 6. e3 c6 7. Bd3 Nbd7 8. Qc2 h6 9. Bh4 Nb6 10. Nge2 g5 11. Bg3 Bd6 12. 0-0-0 Bg4 13. f3 Be6 14. Rhe1 Qc7 15. Kb1 0-0-0 16. Rc1 Bxg3 17. Nxg3 Kb8 18. Qf2 Qd6 19. h3 Qb4 20. Red1 Ne8 21. a3 Qa5 22. Nf1 Nd6 23. Nd2 Nbc4 24. Nb3 Qb6 25. Ka2 Rhe8 26. Nc5 Nb5 27. N3a4 Qc7 28. Nxe6 Rxe6 29. Bxc4 dxc4 30. Nc5 Qe7 31. Nxe6 Qxe6 32. a4 Nc7 33. e4 b5 34. Qc2 Na6 35. Qc3 Qe7 36. d5 Nb4+ 37. Kb1 cxd5 38. axb5 Nd3 39. Rc2 dxe4 40. Qxc4 f5 41. fxe4 fxe4 42. Re2 Nc5 43. Rxd8+ Qxd8 44. Rc2 Ne6 45. Qxe4 Nc7 46. Qc6 Qd1+ 47. Ka2 Qd8 48. g4 Nd5 49. Qc5 Qa5+ 50. Kb1 Nc7 51. b6 Qe1+ 52. Ka2 Qe6+ 53. b3 Qxb6 54. Qxb6+ axb6 55. Rc6 Nd5 56. Rd6 Nc3+ 57. Kb2 Kc7 58. Rxh6 Ne4 59. Kc2 Kb7 60. Re6 Nc5 1-0

[Event "BRA-ch 88th"]
[Site "Recife"]
[Date "2022.12.20"]
[Round "8"]
[White "Bouwman, Marcelo Wanderley"]
[Black "Marques, Eudes Pinto"]
[Result "1-0"]
[WhiteElo "2122"]
[BlackElo "1846"]
[PlyCount "53"]
[EventDate "2022.12.15"]
[EventType "swiss"]
[EventRounds "11"]
[EventCountry "BRA"]
[SourceTitle "CBM 212 Extra"]
[Source "ChessBase"]
[SourceDate "2023.03.31"]
[SourceVersion "1"]
[SourceVersionDate "2023.03.31"]
[SourceQuality "1"]

1. e4 c5 2. Nf3 Nc6 3. d4 cxd4 4. Nxd4 e6 5. Nc3 Nf6 6. a3 a6 7. Be3 Be7 8. f4 d6 9. Be2 Qc7 10. 0-0 Nxd4 11. Qxd4 e5 12. Qd3 Bd7 13. Rad1 Rc8 14. Kh1 Be6 15. fxe5 dxe5 16. Nd5 Bxd5 17. exd5 e4 18. Qd4 Bd6 19. c4 Be5 20. Qd2 Rd8 21. Qb4 h5 22. Bb6 Qd7 23. Bxd8 Qxd8 24. Qxb7 Nd7 25. d6 Rh6 26. Qxe4 Kf8 27. c5 1-0

[Event "BRA-ch 88th"]
[Site "Recife"]
[Date "2022.12.17"]
[Round "4"]
[White "Souza, Rafael Cabral de"]
[Black "Marques, Eudes Pinto"]
[Result "1-0"]
[WhiteElo "2078"]
[BlackElo "1846"]
[PlyCount "42"]
[EventDate "2022.12.15"]
[EventType "swiss"]
[EventRounds "11"]
[EventCountry "BRA"]
[SourceTitle "CBM 212 Extra"]
[Source "ChessBase"]
[SourceDate "2023.03.31"]
[SourceVersion "1"]
[SourceVersionDate "2023.03.31"]
[SourceQuality "1"]

1. e4 c5 2. Nf3 Nc6 3. Nc3 e6 4. g3 Nf6 5. Bg2 d6 6. 0-0 Be7 7. d4 cxd4 8. Nxd4 0-0 9. Nxc6 bxc6 10. e5 Nd5 11. exd6 Bxd6 12. Ne4 Ba6 13. Nxd6 Qxd6 14. Re1 Qc5 15. c3 Rfd8 16. Qh5 Bd3 17. h4 Qc4 18. Qe5 Bf5 19. Bf1 Bd3 20. b3 Qa6 21. Bh3 Nf6 1-0

[Event "Santo Antonio de Jesus Bahia op"]
[Site "Santo Antonio de Jesus"]
[Date "2022.07.10"]
[Round "6"]
[White "Marques, Eudes Pinto"]
[Black "Lira, Larissa Morais Nasc"]
[Result "1-0"]
[WhiteElo "1844"]
[BlackElo "1376"]
[PlyCount "73"]
[EventDate "2022.07.07"]
[EventType "swiss"]
[EventRounds "6"]
[EventCountry "BRA"]
[SourceTitle "CBM 209 Extra"]
[Source "ChessBase"]
[SourceDate "2022.09.30"]
[SourceVersion "1"]
[SourceVersionDate "2022.09.30"]
[SourceQuality "1"]

1. c4 e5 2. Nc3 Nf6 3. Nf3 Nc6 4. e3 d6 5. d4 exd4 6. Nxd4 Bd7 7. Be2 g6 8. b3 Bg7 9. Bb2 0-0 10. 0-0 Re8 11. Re1 a6 12. Bf3 Nxd4 13. exd4 Rxe1+ 14. Qxe1 c6 15. Qe3 Qe8 16. Qf4 Qe6 17. d5 Qe5 18. Qxe5 dxe5 19. dxc6 Bxc6 20. Bxc6 bxc6 21. Rd1 Rc8 22. Kf1 Kf8 23. Ba3+ Ke8 24. Re1 Nd7 25. f4 f6 26. Bd6 Kf7 27. fxe5 fxe5 28. Ne4 Re8 29. Ba3 Bf8 30. Bxf8 Rxf8 31. Ke2 Ke7 32. Ke3 h6 33. h3 Ke6 34. Rd1 Nb8 35. Rd6+ Kf7 36. Rf6+ Kg7 37. Re6 1-0

[Event "Santo Antonio de Jesus Bahia op"]
[Site "Santo Antonio de Jesus"]
[Date "2022.07.08"]
[Round "2"]
[White "Marques, Eudes Pinto"]
[Black "Matsuura, Everaldo"]
[Result "0-1"]
[WhiteElo "1844"]
[BlackElo "2440"]
[PlyCount "70"]
[EventDate "2022.07.07"]
[EventType "swiss"]
[EventRounds "6"]
[EventCountry "BRA"]
[SourceTitle "CBM 209 Extra"]
[Source "ChessBase"]
[SourceDate "2022.09.30"]
[SourceVersion "1"]
[SourceVersionDate "2022.09.30"]
[SourceQuality "1"]

1. c4 e5 2. Nc3 Nc6 3. Nf3 Nf6 4. e3 Be7 5. Be2 0-0 6. 0-0 d5 7. cxd5 Nxd5 8. d3 Be6 9. Nxd5 Qxd5 10. e4 Qd7 11. Be3 Rad8 12. a3 a5 13. Rc1 Kh8 14. Bc5 Bxc5 15. Rxc5 Qd6 16. Qc2 Bg4 17. Rd5 Qe7 18. Rxd8 Rxd8 19. Rc1 h6 20. h3 Bxf3 21. Bxf3 Nd4 22. Qxc7 Nxf3+ 23. gxf3 Qg5+ 24. Kh1 Rxd3 25. Qc8+ Kh7 26. Qf5+ Qxf5 27. exf5 Rxf3 28. Rc5 Rxf5 29. Rxa5 Rxf2 30. Rb5 e4 31. Kg1 e3 32. Rxb7 f5 33. b4 f4 34. Re7 Ra2 35. Ra7 Ra1+ 0-1

[Event "Florianopolis op 8th"]
[Site "Florianopolis"]
[Date "2022.01.29"]
[Round "9"]
[White "Consoli, Anderson Luiz"]
[Black "Marques, Eudes Pinto"]
[Result "1-0"]
[WhiteElo "1477"]
[BlackElo "1857"]
[PlyCount "99"]
[EventDate "2022.01.24"]
[EventType "swiss"]
[EventRounds "10"]
[EventCountry "BRA"]
[SourceTitle "EXT 2023"]
[Source "ChessBase"]
[SourceDate "2022.10.05"]
[SourceVersion "1"]
[SourceVersionDate "2022.10.05"]
[SourceQuality "1"]

1. e4 c5 2. Nf3 Nc6 3. Bc4 e6 4. d4 cxd4 5. Nxd4 Bc5 6. Nb3 Bb6 7. 0-0 Nge7 8. Bg5 0-0 9. Nc3 a6 10. Kh1 h6 11. Bh4 Ne5 12. Be2 N5g6 13. Bg3 d5 14. e5 Nf5 15. f4 Ne3 16. Qd3 Nxf1 17. Rxf1 Bd7 18. Bh5 Qe8 19. Nd4 Bxd4 20. Qxd4 Ne7 21. Bg4 Rc8 22. Be1 Rc4 23. Qd2 f5 24. Be2 Rc8 25. Rf3 b5 26. Rh3 Kh7 27. Bh5 g6 28. Bf3 Rg8 29. g4 fxg4 30. Bxg4 Nf5 31. Bh4 Nxh4 32. Rxh4 Qe7 33. Rh3 Kg7 34. f5 Qg5 35. Qxg5 hxg5 36. f6+ Kf8 37. Rh7 Rd8 38. Ne2 Bc8 39. Nd4 Rd7 40. Nxe6+ Ke8 41. Nc7+ Rxc7 42. Rxc7 Bxg4 43. f7+ Kf8 44. fxg8Q+ Kxg8 45. Rc6 Bf5 46. c3 d4 47. Rxa6 d3 48. Kg1 Kf7 49. Kf2 d2 50. Ke2 1-0

[Event "Florianopolis op 8th"]
[Site "Florianopolis"]
[Date "2022.01.25"]
[Round "2"]
[White "Marques, Eudes Pinto"]
[Black "Lopes, Marcia Maria Dias"]
[Result "1-0"]
[WhiteElo "1857"]
[BlackElo "1363"]
[PlyCount "63"]
[EventDate "2022.01.24"]
[EventType "swiss"]
[EventRounds "10"]
[EventCountry "BRA"]
[SourceTitle "CBM 206 Extra"]
[Source "ChessBase"]
[SourceDate "2022.03.31"]
[SourceVersion "1"]
[SourceVersionDate "2022.03.31"]
[SourceQuality "1"]

1. c4 Nf6 2. Nc3 c6 3. e4 d6 4. d4 Nbd7 5. Nf3 a6 6. a4 g6 7. Bd3 Bg7 8. 0-0 0-0 9. b4 b6 10. Be3 Bb7 11. a5 Re8 12. axb6 Nxb6 13. Qb3 e6 14. c5 Nc8 15. Rfd1 Qc7 16. cxd6 Nxd6 17. e5 Nb5 18. exf6 Bxf6 19. Ne4 Bg7 20. Nc5 Bc8 21. Bc4 Qe7 22. Bxb5 cxb5 23. Ra5 e5 24. Nxe5 Bxe5 25. dxe5 Qxe5 26. h3 Be6 27. Nxe6 Qxe6 28. Qxe6 Rxe6 29. Rda1 Rd6 30. Rxb5 axb5 31. Rxa8+ Kg7 32. Rb8 1-0

[Event "Florianopolis op 6th"]
[Site "Florianopolis"]
[Date "2020.01.25"]
[Round "9"]
[White "Dummer, Micael Schwenske"]
[Black "Marques, Eudes Pinto"]
[Result "0-1"]
[WhiteElo "1629"]
[BlackElo "1955"]
[PlyCount "62"]
[EventDate "2020.01.20"]
[EventType "swiss"]
[EventRounds "10"]
[EventCountry "BRA"]
[SourceTitle "CBM 194 Extra"]
[Source "ChessBase"]
[SourceDate "2020.03.31"]
[SourceVersion "1"]
[SourceVersionDate "2020.03.31"]
[SourceQuality "1"]

1. e4 e6 2. Nf3 c5 3. b4 a6 4. bxc5 Bxc5 5. d4 Be7 6. Bd3 d6 7. c4 Nc6 8. Nc3 Bf6 9. Be3 Qa5 10. Qd2 Nge7 11. 0-0 e5 12. d5 Nd4 13. Bxd4 exd4 14. Ne2 Qc5 15. h3 Ng6 16. Rab1 Ne5 17. Nxe5 dxe5 18. f4 0-0 19. fxe5 Bxe5 20. Kh1 Rb8 21. Nc1 Qe7 22. Nb3 Qh4 23. Qf2 Bg3 24. Qxd4 Bxh3 25. Kg1 Bg4 26. Rfc1 Qh2+ 27. Kf1 f5 28. e5 Bxe5 29. Qf2 Bg3 30. Qd4 Rbe8 31. Nc5 Re4 0-1

[Event "BRA-ch sf Reg2 86th"]
[Site "Recife"]
[Date "2019.12.21"]
[Round "4"]
[White "Marques, Eudes Pinto"]
[Black "Barreto Junior, Williem Silva"]
[Result "1/2-1/2"]
[WhiteElo "1943"]
[BlackElo "2184"]
[PlyCount "59"]
[EventDate "2019.12.19"]
[EventType "swiss"]
[EventRounds "7"]
[EventCountry "BRA"]
[SourceTitle "CBM 194 Extra"]
[Source "ChessBase"]
[SourceDate "2020.03.31"]
[SourceVersion "1"]
[SourceVersionDate "2020.03.31"]
[SourceQuality "1"]

1. c4 c5 2. Nc3 Nc6 3. d3 d6 4. g3 g6 5. Bg2 Bg7 6. Bd2 e5 7. Nd5 Be6 8. e3 Bxd5 9. cxd5 Nce7 10. e4 Nf6 11. Ne2 0-0 12. 0-0 Nd7 13. Rb1 b5 14. b4 Rb8 15. a3 Nc8 16. Be3 a5 17. bxa5 Qxa5 18. Qd2 Qa6 19. Rb3 Ndb6 20. Rfb1 Na4 21. Nc3 Nxc3 22. Qxc3 f5 23. Qc1 fxe4 24. Bxe4 Ne7 25. g4 Qc8 26. h3 Qe8 27. Qb2 Qf7 28. Rxb5 Rxb5 29. Qxb5 Nxd5 30. Bxd5 1/2-1/2

[Event "BRA-ch sf Reg2 86th"]
[Site "Recife"]
[Date "2019.12.20"]
[Round "2"]
[White "De la Torre, Alexander Lucas Ban"]
[Black "Marques, Eudes Pinto"]
[Result "0-1"]
[WhiteElo "1775"]
[BlackElo "1943"]
[PlyCount "64"]
[EventDate "2019.12.19"]
[EventType "swiss"]
[EventRounds "7"]
[EventCountry "BRA"]
[SourceTitle "CBM 194 Extra"]
[Source "ChessBase"]
[SourceDate "2020.03.31"]
[SourceVersion "1"]
[SourceVersionDate "2020.03.31"]
[SourceQuality "1"]

1. e4 c5 2. Nf3 e6 3. Nc3 g6 4. Bc4 Bg7 5. 0-0 Nc6 6. d3 Nge7 7. Be3 b6 8. Qd2 0-0 9. Bh6 d5 10. Bxg7 Kxg7 11. exd5 exd5 12. Bb3 Qd6 13. Nb5 Qf6 14. c3 Bg4 15. Qg5 Bxf3 16. Qxf6+ Kxf6 17. gxf3 Ne5 18. Kg2 Nxd3 19. Rfd1 Nf4+ 20. Kg3 Nh5+ 21. Kg2 a6 22. Nc7 Rad8 23. Nxa6 Nf5 24. Nc7 d4 25. cxd4 Nf4+ 26. Kg1 Nxd4 27. Bc4 Rd7 28. Nb5 Nxf3+ 29. Kh1 Rfd8 30. Rxd7 Rxd7 31. Rc1 Rd2 32. Rc3 Rd1+ 0-1

[Event "BRA-ch sf Reg2 86th"]
[Site "Recife"]
[Date "2019.12.19"]
[Round "1"]
[White "Marques, Eudes Pinto"]
[Black "Silva, Jamysson Bento de P"]
[Result "1/2-1/2"]
[WhiteElo "1943"]
[BlackElo "1428"]
[PlyCount "130"]
[EventDate "2019.12.19"]
[EventType "swiss"]
[EventRounds "7"]
[EventCountry "BRA"]
[SourceTitle "CBM 194 Extra"]
[Source "ChessBase"]
[SourceDate "2020.03.31"]
[SourceVersion "1"]
[SourceVersionDate "2020.03.31"]
[SourceQuality "1"]

1. c4 Nf6 2. Nc3 g6 3. e4 d6 4. Nge2 c5 5. g3 Nc6 6. Bg2 Bg7 7. d3 a6 8. Rb1 Rb8 9. a3 b5 10. cxb5 axb5 11. b4 cxb4 12. axb4 Nd7 13. d4 Qc7 14. Nd5 Qa7 15. Be3 e6 16. Ndc3 Qc7 17. 0-0 Ne7 18. Rc1 Qd8 19. Qd3 Qb6 20. d5 Ne5 21. Qb1 Qb7 22. Bd4 0-0 23. Bxe5 Bxe5 24. Rfd1 Qb6 25. dxe6 Bxe6 26. Nd5 Nxd5 27. exd5 Bg4 28. Rc6 Qd8 29. Qd3 Re8 30. f3 Bd7 31. Rcc1 Bb2 32. Nd4 Bxc1 33. Rxc1 Qb6 34. Kh1 Rbc8 35. Rd1 Rc4 36. Bf1 Rec8 37. Qd2 Rc3 38. Nc6 Qe3 39. Qxe3 Rxe3 40. Bxb5 Rb3 41. Ne7+ Kg7 42. Nxc8 Bxc8 43. Bc6 Rxb4 44. Rd2 Bh3 45. Kg1 Rb3 46. Kf2 Bf5 47. g4 Bd3 48. Kg3 g5 49. h4 Be4 50. Rf2 gxh4+ 51. Kf4 Bg6 52. Kg5 f6+ 53. Kxh4 Rd3 54. Rf1 Bf7 55. Ra1 Bxd5 56. Ra7+ Kh6 57. Bxd5 Rxd5 58. f4 Rd4 59. f5 Rd1 60. Rf7 Rh1+ 61. Kg3 Kg5 62. Rg7+ Kh6 63. Rf7 Kg5 64. Rg7+ Kh6 65. Rf7 Kg5 1/2-1/2